Statistiques concernant Champions Coupe du Monde ( Basketball )

Cliquez ici pour prendre le quiz!

Statistiques générales

  • Ce quiz a été pris 74 fois
  • Le résultat moyen est 6 sur 7

Statistiques - réponses

Réponse% Correct
Etats Unis / 5
100%
Espagne / 2
98%
Argentine / 1
95%
Allemagne / 1
92%
Bresil / 2
92%
Union Soviétique / 3
81%
Yugoslavie / 5
5%

Distribution des résultats

Percentile par nombre de réponses

% des personnes avec chaque résultat

Votre développement - résultats

Vous n’avez pas pris ce quiz